Jusqu'où irez vous ? #16 (Culture Générale) - Statistiques

Statistiques générales
  • Ce quiz a été pris 255 fois
  • Le résultat moyen est 17 sur 50
Statistiques - réponses
Hint Réponse % Correct
Lettre qui est la signature de Zorro Z
100%
Série de comics créée par Stan Lee et Jack Kirby adaptée au cinéma à partir de 2000 : _-Men X
91%
Très droit, rectiligne : droit comme un ? I
89%
Panneau ou marquage au sol pour héliport H
87%
En France, lettre inscrite en majuscule et en rouge sur un disque blanc comme signe distinctif qui doit être apposé à l'arrière d'un véhicule conduit par un élève conducteur ou par un conducteur ayant obtenu son permis depuis moins de 3 ans (ou 2 ans si conduite accompagnée) A
83%
Lettre la plus utilisée de la langue française (avec plus du double en fréquence d'apparition que la lettre qui arrive deuxième) E
83%
Lettre qui représente la plus mauvaise note dans le système scolaire américain (Academic grading) F
81%
Complétez en une lettre ("à l'oral") les phrases suivantes : L'oiseau bat des _ Il court vite, on dirait qu'il a des _ dans le dos L
79%
Complétez en une lettre ("à l'oral") les phrases suivantes :
Soumettre un _ au juge.
N’aggrave pas ton _, tu as déjà fait assez de bêtises
K
78%
Complétez en une lettre ("à l'oral") le résultat de la fusion du Nord-Pas-de-Calais et de la Picardie : _-de-France O
74%
En langage SMS francophone, lettre qui remplace j'ai (car plus rapide à écrire) G
72%
Le symbole du volt V
72%
Suivi d'un négatif, groupe sanguin des donneurs universels O
71%
Lettre qui dite à haute voix désigne un état de calme ou de tranquillité, d'absence de conflit ou de guerre P
59%
Lettre qui est aussi un sentiment violent et qui devient implacable quand on l'a voue à quelqu'un N
55%
Complétez avec la lettre manquante le nom du constructeur automobile britannique fondé en 1906 et constructeur de moteurs d'avions à partir de 1914. : _olls-_oyce R
55%
Dans la plupart des navigateurs web, appuyer sur la touche ?5 permet d'actualiser ou de recharger la page web en cours. Dans certains logiciels, elle peut être utilisée pour lancer un diaporama ou une présentation, ou pour ouvrir une boîte de recherche. F
51%
Lettre entendue deux fois de suite quand on prononce le verbe signifiant Boire (le lait) en suçant le mamelon T
49%
Film français réalisé par Henri Verneuil, sorti en 1979 : ?… comme ?care I
47%
1ere lettre de la Capitale de l'Eswatini : ?babane M
29%
Renseignez la lettre manquante dans le sigle qui désigne un pays d'Afrique centrale ayant Kinshasa comme capitale : _DC R
29%
Acteur, réalisateur et producteur américain qui a joué dans Creed et a remporté l'Oscar du meilleur acteur en 2026 pour son rôle dans le film Sinners : Michael ?. Jordan B
26%
Ancien baccalauréat de la filière scientifique jusqu'à 2020 : Bac _ S
26%
Lettre en 1ere et dernière position dans le mot qui désigne une Épreuve, une opération témoin permettant de juger : _es_ T
26%
Chanson de K. Maro sortie en 2004 : Femme Like ? U
26%
Présent 3 fois dans le nom d'un groupe français de pop rock qui appartient à la nouvelle scène rock française et est actif depuis 2006 : ?? ?runes B
23%
Single du chanteur français Thierry Hazard, enregistrée en 1989 et sortie en 1990 : Le ?erk ! J
21%
Forme de télévision diffusée sur un réseau utilisant l'Internet Protocol : I_TV P
20%
Lettre écrite 3 fois à la suite qui désigne le système mondial de documents liés entre eux par des liens hypertextes et accessibles via l'Internet _ _ _ W
19%
Complétez la lettre manquante dans le prénom écrit biblique et talmudique se référant à l'Éternel, le Dieu d'Israël : _HWH Y
13%
Elle partage sa fréquence avec deux autres radios de la même communauté : Radio Shalom et RCJ : Radio ? J
11%
Complétez la lettre manquante dans le sigle de l'ancien parti politique allemand, actif entre 1920 et 1945 et dirigé par Adolf Hitler : N_DAP S
11%
Lettre qui désigne à elle seule la localisation préférée des sodomites Q
10%
La lettre présente 3 fois dans la traduction en russe de l'URSS = ???P C
7%
Symbole de la tasse (mesure de volume utilisée en cuisine) en référence à la première lettre de la traduction de tasse en anglais C
7%
Jeu de société en image inventé en 1968 par Edward de Bono dans le but d'illustrer la pensée stratégique (Strategic Thinking), celle que l'on déploie face à un adversaire intelligent et créatif et qui est en fait de la créativité stratégique au sens de « concurrentielle » Le jeu de _ (ou _ Game)
L
4%
Surnom du Personnage de la série TV The Boys joué par Jessie Usher, qui est aussi le nom donné à un principe de conception de rames automotrices ferroviaires lancé par le constructeur japonais Hitachi : ?-Train A
3%
Bâtiment historique de Rome, construit à la fin des années 1920 dans le complexe du Foro Italico. Aujourd'hui, c'est le bureau de représentation du Comité Olympique National Italien : Le Palazzo (Palais) _ H
3%
Lettre présente deux fois dans la variante régionale ancienne de l'ululement, pratiqué par les femmes de la région MENA (Moyen-Orient et Afrique du Nord), et certaines régions influencées par leur culture. Il s'agit de longs cris aigus et modulés poussés vocalement : _ou_ou Y
3%
Génération sociologique née entre 1997 et 2012 : Gen _ Z
3%
Lettre présente 3 fois dans le mot qui désigne un texte ou ensemble de textes ajouté à un ouvrage pour le compléter : a_ _en_a
D
2%
Lettre qui correspond à la valeur décimale 13 dans le système de numération hexadécimale (système qui nécessite l'introduction de 16 symboles valant de 0 à 15 où 0 vaut 0 et 9 vaut 9 pour indice) D
1%
Lettre qui indique un objet céleste qui a été découvert entre le 1er et le 15 mars dans la désignation des planètes mineures E
1%
Troisième album du groupe rock Gotthard, sorti en 1996 = ?Premier album du groupe de rock belge Malibu Stacy, sorti en 2006 = ? Nom de scène de leader du boys band sud-coréen de K-pop Big Bang = ?-Dragon G
1%
Lettre qui symbolise généralement un retrait sur trois prises au baseball (en anglais : strikeout) K
1%
Lettre présente trois fois à la suite dans le nom du single des Hanson issue de l'album Middle of Nowhere en 1997 : ???Bop M
1%
En biologie, lettre qui désigne l'asparagine dans la transcription d'une chaîne polypeptidique N
1%
Réplique du film Rien à déclarer de 2010 : - Ah oui, c'est bien. Comme ça, quoi... - Te fais pas arrêter, c'est mieux. - Qu'est-ce que tu me fais, toi? Quoi? - Il est ou, le _? - Quel _? - Le _. - Où ça, le _? - Rassure-moi, tu sais lire? - Ouais. - Ouais! Alors, où est le _ de Ambulance, tête de noeud!
U
1%
Cinquième album studio du groupe américain Maroon 5 sorti en 2014 ; Premier album solo de Vanessa Hudgens ; V
1%
Ouvrage de Georges Perec paru en 1975 : _ ou le Souvenir d'enfance W
1%
Aucun quiz correspondant
Distribution des résultats
% des personnes avec chaque résultat
Percentile par nombre de réponses
Votre historique - résultats
Vous n’avez pas pris ce quiz